Pays de l'OTAN sur une carte du monde - Statistiques

Statistiques générales
  • Ce quiz a été pris 2 166 fois
  • Le résultat moyen est 27 sur 30
Réponses sur la Carte
Les réponses sont colorées sur une échelle allant du rouge au vert en fonction du pourcentage des utilisateurs qui les ont devinées à leur premier essai. Vous pouvez retrouver ces pourcentages ci-dessous.
 
Statistiques - réponses
Pays % Correct
France
100%
États-Unis
99%
Canada
98%
Espagne
98%
Allemagne
97%
Italie
97%
Portugal
97%
Royaume-Uni
97%
Belgique
95%
Pologne
94%
Grèce
93%
Pays-Bas
93%
Norvège
92%
Danemark
91%
Roumanie
89%
Croatie
88%
Estonie
88%
Hongrie
88%
Turquie
88%
Islande
87%
Lettonie
87%
Lituanie
87%
République Tchèque
86%
Bulgarie
85%
Slovaquie
85%
Albanie
84%
Slovénie
84%
Luxembourg
81%
Macédoine du Nord
78%
Monténégro
77%
Aucun quiz correspondant
Distribution des résultats
% des personnes avec chaque résultat
Percentile par nombre de réponses
Votre historique - résultats
Vous n’avez pas pris ce quiz